000 00448nam a2200121Ia 4500
008 220620s9999||||xx |||||||||||||| ||und||
100 _aPadmanabhan Predeep
245 0 _aOptoelectronics - Materials and Techniques
546 _aEnglish[eng]
650 _aPhysical Sciences||Engineering and Technology||Optoelectronics||Physics||Optics and Lasers
856 _uhttps://www.intechopen.com/books/optoelectronics-materials-and-techniques
942 _cEB
999 _c28449
_d28449